[Event "Leiden LCT op-A 11th"]
[Site "Leiden"]
[Date "2017.07.23"]
[Round "9"]
[White "Van Egmond, Rogier M"]
[Black "Koenig, Dirk"]
[Result "1-0"]
[WhiteElo "2151"]
[BlackElo "2051"]
[PlyCount "49"]
[EventDate "2017.07.14"]
[EventType "swiss"]
[EventRounds "9"]
[EventCountry "NED"]
[SourceTitle "EXT 2018"]
[Source "ChessBase"]
[SourceDate "2017.10.13"]
[SourceVersion "1"]
[SourceVersionDate "2017.10.13"]
[SourceQuality "1"]

1. c4 Nf6 2. Nc3 g6 3. e4 d6 4. g3 Bg7 5. Bg2 0-0 6. Nge2 c6 7. 0-0 Qc7 8. d4 e5 9. h3 Ne8 10. Be3 f5 11. exf5 Bxf5 12. g4 Be6 13. d5 cxd5 14. cxd5 Bf7 15. Qd2 Nd7 16. Rac1 Qa5 17. b4 Qxb4 18. Rb1 Qa5 19. Rxb7 Nb6 20. Bxb6 axb6 21. Rb1 Ra7 22. Rb5 Qa3 23. R5xb6 Nc7 24. Qe3 Rc8 25. Rxc7 1-0

[Event "Leiden LCT op-A 11th"]
[Site "Leiden"]
[Date "2017.07.20"]
[Round "6"]
[White "Buckels, Valentin"]
[Black "Van Egmond, Rogier M"]
[Result "1/2-1/2"]
[WhiteElo "2332"]
[BlackElo "2151"]
[PlyCount "98"]
[EventDate "2017.07.14"]
[EventType "swiss"]
[EventRounds "9"]
[EventCountry "NED"]
[SourceTitle "EXT 2018"]
[Source "ChessBase"]
[SourceDate "2017.10.13"]
[SourceVersion "1"]
[SourceVersionDate "2017.10.13"]
[SourceQuality "1"]

1. d4 Nf6 2. c4 e6 3. Nf3 Bb4+ 4. Nbd2 c5 5. a3 Bxd2+ 6. Bxd2 b6 7. e3 Bb7 8. Bd3 0-0 9. Bc3 cxd4 10. Bxd4 d6 11. Bc3 e5 12. Bc2 Na6 13. 0-0 Rc8 14. Nd2 Qe7 15. Qe2 d5 16. f4 dxc4 17. fxe5 Nd5 18. Bd4 Nc5 19. Nxc4 Ba6 20. Rf3 g6 21. b3 Rcd8 22. Qf2 Bxc4 23. bxc4 Nc7 24. e6 f5 25. Qg3 N7xe6 26. Re1 Qd6 27. Be5 Qd2 28. Bb1 Ne4 29. Bxe4 fxe4 30. Rff1 Ng7 31. Bxg7 Kxg7 32. Qe5+ Kg8 33. Qxe4 Rfe8 34. Qf4 Rd7 35. Qf3 Rde7 36. Re2 Qd3 37. h4 Qxc4 38. Ref2 Rxe3 39. Qd1 Qc5 40. Kh1 Qe5 41. Qd7 Re4 42. g3 Re3 43. Qf7+ Kh8 44. Qxa7 Qd5+ 45. Kh2 Qd6 46. Rg2 Rxa3 47. Qf7 Rae3 48. Rf6 Qb8 49. Qd5 Qe5 1/2-1/2

[Event "Lost Boys op"]
[Site "Amsterdam"]
[Date "2002.08.02"]
[Round "8"]
[White "Van Egmond, Rogier M"]
[Black "Hopman, Pieter"]
[Result "0-1"]
[WhiteElo "2276"]
[BlackElo "2225"]
[PlyCount "76"]
[EventDate "2002.07.26"]
[EventType "swiss"]
[EventRounds "9"]
[EventCountry "NED"]
[SourceTitle "CBM 089 Extra"]
[Source "ChessBase"]
[SourceDate "2002.09.10"]
[SourceVersion "2"]
[SourceVersionDate "2002.09.10"]
[SourceQuality "1"]

1. c4 d6 2. g3 e5 3. Bg2 f5 4. Nc3 Nf6 5. d3 Be7 6. e4 Nc6 7. Nge2 0-0 8. 0-0 Rb8 9. h3 a6 10. Be3 Qe8 11. exf5 Bxf5 12. g4 Bd7 13. d4 b5 14. d5 Na5 15. cxb5 axb5 16. Rc1 Nc4 17. b3 Nxe3 18. fxe3 Qg6 19. Ng3 h5 20. Nf5 Bd8 21. Ne4 hxg4 22. Nxf6+ Rxf6 23. hxg4 Bxf5 24. Rxf5 Rxf5 25. gxf5 Qxf5 26. Qe2 Bh4 27. Rf1 Qg5 28. Qf3 Bg3 29. Bh3 Ra8 30. a4 bxa4 31. bxa4 Bf4+ 32. Kh1 Bxe3 33. Be6+ Kh8 34. Ra1 g6 35. a5 Bf4 36. Rg1 Qh6+ 37. Kg2 Rxa5 38. Qe4 Qh2+ 0-1

[Event "Haarlem Nova College op 1st"]
[Site "Haarlem"]
[Date "2002.07.07"]
[Round "6"]
[White "Van Egmond, Rogier M"]
[Black "Van Zutphen, Jimmy"]
[Result "1-0"]
[WhiteElo "2212"]
[BlackElo "1902"]
[PlyCount "99"]
[EventDate "2002.07.05"]
[EventType "swiss"]
[EventRounds "6"]
[EventCountry "NED"]
[SourceTitle "CBM 089 Extra"]
[Source "ChessBase"]
[SourceDate "2002.09.10"]
[SourceVersion "2"]
[SourceVersionDate "2002.09.10"]
[SourceQuality "1"]

1. c4 Nf6 2. g3 g6 3. Bg2 d5 4. cxd5 Nxd5 5. Nc3 Nxc3 6. bxc3 c6 7. Rb1 Bg7 8. Nf3 0-0 9. 0-0 Qc7 10. Qc2 Nd7 11. d3 b6 12. Rb4 Bb7 13. Rh4 c5 14. Bh6 Bxh6 15. Rxh6 Kg7 16. Qd2 Rh8 17. c4 Rad8 18. Rh4 Bxf3 19. Qh6+ Kg8 20. Bxf3 Nf6 21. a4 Qe5 22. g4 Rd4 23. g5 Rxh4 24. Qxh4 Ne8 25. Qg3 Qxg3+ 26. fxg3 Nd6 27. a5 Kg7 28. axb6 axb6 29. Ra1 Rb8 30. Kf2 b5 31. cxb5 Rxb5 32. Ra7 e6 33. Rc7 Nf5 34. h4 Nd4 35. h5 h6 36. hxg6 Kxg6 37. gxh6 Kxh6 38. Rxf7 Kg6 39. Rf8 Nxf3 40. Kxf3 Rb4 41. Rf4 e5 42. Rc4 Rb5 43. Ke4 Kf6 44. Kd5 Rb1 45. g4 Re1 46. Re4 Rg1 47. Kxc5 Rg2 48. Kd6 Rg1 49. Rxe5 Rxg4 50. e4 1-0

[Event "Haarlem Nova College op 1st"]
[Site "Haarlem"]
[Date "2002.07.06"]
[Round "3"]
[White "Van Egmond, Rogier M"]
[Black "Gorissen, Hugo"]
[Result "1/2-1/2"]
[WhiteElo "2212"]
[BlackElo "1817"]
[PlyCount "84"]
[EventDate "2002.07.05"]
[EventType "swiss"]
[EventRounds "6"]
[EventCountry "NED"]
[SourceTitle "CBM 089 Extra"]
[Source "ChessBase"]
[SourceDate "2002.09.10"]
[SourceVersion "2"]
[SourceVersionDate "2002.09.10"]
[SourceQuality "1"]

1. c4 Nf6 2. g3 g6 3. Bg2 Bg7 4. Nc3 c5 5. a3 Nc6 6. Rb1 d6 7. b4 Rb8 8. bxc5 Bd7 9. cxd6 exd6 10. Nh3 0-0 11. 0-0 Ne5 12. d3 Bc6 13. Nf4 Bxg2 14. Kxg2 Nfd7 15. Nb5 Nf6 16. Nxa7 g5 17. Nh3 h6 18. f4 g4 19. fxe5 gxh3+ 20. Kxh3 dxe5 21. Kg2 Qd6 22. Nb5 Qc6+ 23. e4 Nxe4 24. dxe4 Qxe4+ 25. Qf3 Qxb1 26. Bxh6 Qg6 27. Bxg7 Kxg7 28. Qd5 Qc6 29. Nd6 Qxd5+ 30. cxd5 Rbd8 31. Nf5+ Kg8 32. Kf3 Ra8 33. Ke4 f6 34. d6 Rxa3 35. Rb1 Ra7 36. Kd5 Kf7 37. d7 Rd8 38. Nd6+ Kg6 39. Nc8 Rxd7+ 40. Ke6 b5 41. Nxa7 Rxa7 42. Rxb5 Ra6+ 1/2-1/2

[Event "Benasque op 19th"]
[Site "Benasque"]
[Date "1999.??.??"]
[Round "6"]
[White "Van Egmond, Rogier M"]
[Black "Almeida Saenz, Alfonso"]
[Result "0-1"]
[WhiteElo "2262"]
[BlackElo "2410"]
[PlyCount "84"]
[EventDate "1999.07.??"]
[EventType "swiss"]
[EventRounds "10"]
[EventCountry "ESP"]
[SourceTitle "EXT 2001"]
[Source "ChessBase"]
[SourceDate "2000.11.22"]
[SourceVersion "1"]
[SourceVersionDate "2000.11.22"]
[SourceQuality "1"]

1. d4 Nf6 2. Nf3 g6 3. Nc3 d5 4. Bf4 c6 5. e3 Bg7 6. Be2 Nbd7 7. Ne5 0-0 8. h4 Nxe5 9. dxe5 Nd7 10. h5 Nxe5 11. hxg6 fxg6 12. Bh6 Bxh6 13. Rxh6 Nf7 14. Rh1 Qb6 15. Na4 Qb4+ 16. c3 Qd6 17. Qd4 Bf5 18. b4 Qf6 19. g4 e5 20. Qd2 Be4 21. Rh2 Ng5 22. 0-0-0 Bf3 23. Nc5 Rf7 24. Kb2 b6 25. Nb3 a5 26. b5 a4 27. Nc1 Ne4 28. Qe1 Bxe2 29. Qxe2 Ra5 30. c4 Nd6 31. g5 Qe6 32. cxd5 cxd5 33. Qd3 Rxb5+ 34. Ka1 Rc7 35. f3 Rbc5 36. Qa3 Nb5 37. Qb2 a3 38. Qd2 e4 39. f4 Qd7 40. Nb3 Qg7+ 41. Nd4 Nxd4 42. exd4 Qxd4+ 0-1

[Event "Avoine op 11th"]
[Site "Avoine"]
[Date "1996.??.??"]
[Round "?"]
[White "Van Egmond, Rogier M"]
[Black "Kirov, Nino"]
[Result "0-1"]
[WhiteElo "2285"]
[BlackElo "2435"]
[PlyCount "96"]
[EventDate "1996.07.??"]
[EventType "swiss"]
[EventRounds "9"]
[EventCountry "FRA"]
[SourceTitle "EXT 2004"]
[Source "ChessBase"]
[SourceDate "2003.11.25"]
[SourceVersion "1"]
[SourceVersionDate "2003.11.25"]
[SourceQuality "1"]

1. d4 d5 2. Nf3 Nf6 3. c4 c6 4. Nc3 dxc4 5. a4 Bf5 6. e3 e6 7. Bxc4 Bb4 8. 0-0 0-0 9. Nh4 Nbd7 10. Nxf5 exf5 11. Qc2 g6 12. f3 Rc8 13. Rd1 Kg7 14. Qb3 Qe7 15. Na2 Bd6 16. Qxb7 Rb8 17. Qa6 Rxb2 18. Bxb2 Qxe3+ 19. Kf1 Bxh2 20. Bc1 Qg1+ 21. Ke2 Qxg2+ 22. Kd3 Nc5+ 23. dxc5 Rd8+ 24. Kc3 Be5+ 25. Kb4 Rb8+ 26. Bb5 Bxa1 27. Qxc6 Qxa2 28. Qd6 Qc2 29. Ka5 Rc8 30. Be3 Qc3+ 31. Ka6 Qxe3 32. Rxa1 Rxc5 33. Re1 Qc3 34. Re7 Nd5 35. Rxa7 Nc7+ 36. Kb6 Nd5+ 37. Ka6 h5 38. Rb7 Nc7+ 39. Kb6 Nd5+ 40. Ka6 h4 41. Rb8 Nc7+ 42. Kb6 Ne6 43. Rb7 Rc8 44. Rd7 Qe3+ 45. Kb7 Re8 46. Kc6 h3 47. Qd2 Rc8+ 48. Kb7 Rc7+ 0-1

[Event "NED-chT 9495"]
[Site "Netherlands"]
[Date "1994.??.??"]
[Round "7"]
[White "Goormachtigh, Johan"]
[Black "Van Egmond, Rogier M"]
[Result "1/2-1/2"]
[WhiteElo "2300"]
[BlackElo "2315"]
[PlyCount "41"]
[EventDate "1994.??.??"]
[EventType "team"]
[EventRounds "9"]
[EventCountry "NED"]
[SourceTitle "EXT 1998"]
[Source "ChessBase"]
[SourceDate "1997.11.17"]
[SourceVersion "1"]
[SourceVersionDate "1997.11.17"]
[SourceQuality "1"]

1. d4 Nf6 2. c4 g6 3. f3 d5 4. cxd5 Nxd5 5. e4 Nb6 6. Be3 Bg7 7. Na3 0-0 8. Qd2 e5 9. d5 c6 10. d6 Be6 11. b3 f5 12. 0-0-0 N8d7 13. Ne2 Nf6 14. Nc3 fxe4 15. Nxe4 Bd5 16. Qb4 Bxe4 17. fxe4 Ng4 18. Qe1 Bf6 19. Kb1 Nxe3 20. Qxe3 Nd7 21. h4 1/2-1/2

[Event "NED-chT 9495"]
[Site "Netherlands"]
[Date "1994.??.??"]
[Round "5"]
[White "Van Egmond, Rogier M"]
[Black "Van der Linde, Meindert"]
[Result "1-0"]
[WhiteElo "2315"]
[BlackElo "2260"]
[PlyCount "77"]
[EventDate "1994.??.??"]
[EventType "team"]
[EventRounds "9"]
[EventCountry "NED"]
[SourceTitle "EXT 1998"]
[Source "ChessBase"]
[SourceDate "1997.11.17"]
[SourceVersion "1"]
[SourceVersionDate "1997.11.17"]
[SourceQuality "1"]

1. d4 e6 2. c4 Nf6 3. Nf3 b6 4. g3 Ba6 5. b3 Bb4+ 6. Bd2 Be7 7. Bg2 Bb7 8. 0-0 0-0 9. Nc3 d5 10. cxd5 exd5 11. Qc2 Re8 12. Rfd1 a6 13. Ne5 Nbd7 14. Bf4 Bd6 15. Nd3 Qe7 16. Rac1 Rac8 17. Bxd6 Qxd6 18. b4 Ne4 19. Qb2 Bc6 20. e3 h5 21. Nf4 Ndf6 22. Nxe4 dxe4 23. h4 Nd5 24. Nxd5 Bxd5 25. Bh3 Ra8 26. a4 a5 27. b5 Re7 28. Rc3 Rf8 29. Rdc1 f6 30. Bf5 g5 31. Kf1 gxh4 32. gxh4 Rg7 33. Qc2 Re8 34. Rxc7 Ree7 35. Rc8+ Kf7 36. Qe2 Rg4 37. Bxg4 Qh2 38. Bxh5+ Ke6 39. Qg4+ 1-0

[Event "The Hague op 13th"]
[Site "The Hague"]
[Date "1993.09.11"]
[Round "2"]
[White "Pesocki, Vitali"]
[Black "Van Egmond, Rogier M"]
[Result "0-1"]
[WhiteElo "2340"]
[BlackElo "2315"]
[PlyCount "63"]
[EventDate "1993.09.??"]
[EventType "swiss"]
[EventRounds "6"]
[EventCountry "NED"]
[SourceTitle "EXT 2004"]
[Source "ChessBase"]
[SourceDate "2003.11.25"]
[SourceVersion "1"]
[SourceVersionDate "2003.11.25"]
[SourceQuality "1"]

1. e4 c5 2. Nf3 d6 3. d4 cxd4 4. Nxd4 Nf6 5. Nc3 a6 6. Be2 e5 7. Nb3 Be7 8. 0-0 Be6 9. Be3 0-0 10. a4 Nbd7 11. a5 Rc8 12. f3 Qc7 13. Qd2 Rfd8 14. Rfc1 Nc5 15. Nd5 Nxd5 16. exd5 Bf5 17. Qb4 Bg6 18. Nd2 f5 19. f4 Bf6 20. Nc4 exf4 21. Bxf4 Bd4+ 22. Ne3 Bxe3+ 23. Bxe3 Re8 24. Bxc5 Rxe2 25. Bxd6 Qd7 26. Ra3 Rd8 27. Bc5 Qxd5 28. Rf3 Rc8 29. Rf2 Re4 30. Qb3 Rxc5 31. Rd1 Qxb3 32. cxb3 0-1

[Event "Hoogovens M-4K"]
[Site "Wijk aan Zee"]
[Date "1988.01.09"]
[Round "2"]
[White "Van Egmond, Rogier M"]
[Black "Cuijpers, Frans Andre"]
[Result "1-0"]
[WhiteElo "2175"]
[BlackElo "2420"]
[PlyCount "55"]
[EventDate "1988.01.08"]
[EventType "tourn"]
[EventRounds "3"]
[EventCountry "NED"]
[EventCategory "5"]
[SourceTitle "EXT 2002"]
[Source "ChessBase"]
[SourceDate "2001.11.25"]
[SourceVersion "1"]
[SourceVersionDate "2001.11.25"]
[SourceQuality "1"]

1. d4 d5 2. c4 c6 3. Nf3 Nf6 4. Nc3 dxc4 5. a4 a5 6. e3 Bg4 7. Bxc4 e6 8. 0-0 Bb4 9. Qe2 0-0 10. Rd1 Nbd7 11. e4 Re8 12. Bf4 Qe7 13. e5 Nd5 14. Nxd5 cxd5 15. Bd3 Rac8 16. Qe3 Nb8 17. Rdc1 Nc6 18. Rc2 Qd7 19. Nd2 Bf5 20. Nb3 Bf8 21. Nc5 Bxc5 22. Rxc5 Bxd3 23. Qxd3 b6 24. Rc3 Nb4 25. Qd2 Rc4 26. Raa3 Rec8 27. h3 Nc2 28. Qxc2 1-0